A study book on basics cost of accounting

محفوظ في:
التفاصيل البيبلوغرافية
المؤلف الرئيسي: Uromi, S. M
التنسيق: كتاب
منشور في: Tabora : Tanzania Public Services College (TPSC) c2013.
الموضوعات:
الوسوم: إضافة وسم
لا توجد وسوم, كن أول من يضع وسما على هذه التسجيلة!

MARC

LEADER 00000nam a2200000 4500
020 |a 97899776892888  |c TZS 25,000/= 
040 |a MUL  |b eng  |e AACR 
082 |a 657.42 URO 
100 |a Uromi, S. M 
245 |a A study book on basics cost of accounting  |c / S. M. Uromi 
260 |a Tabora :   |b Tanzania Public Services College (TPSC)  |c c2013. 
300 |a iii, 266 p. :   |b ill. ;  |c 23 cm. 
504 |a Includes bibliographical references 
650 |a Accounting 
650 |a Cost accounting  
942 |c BK 
999 |c 3930  |d 3930